The human race (Record no. 76233)

MARC details
000 -LEADER
fixed length control field 00827nam a2200217 a 4500
008 - FIXED-LENGTH DATA ELEMENTS--GENERAL INFORMATION
fixed length control field 120416s1983 ||||||||||||||||| || u
020 ## - INTERNATIONAL STANDARD BOOK NUMBER
International Standard Book Number 0070170800
050 ## - LIBRARY OF CONGRESS CALL NUMBER
Classification number GN 357 Dix
100 ## - MAIN ENTRY--PERSONAL NAME
Personal name Dixon, Terence
245 14 - TITLE STATEMENT
Title The human race
260 ## - PUBLICATION, DISTRIBUTION, ETC.
Place of publication, distribution, etc. New York
Name of publisher, distributor, etc. McGraw-Hill
Date of publication, distribution, etc. 1983
300 ## - PHYSICAL DESCRIPTION
Extent 256 pages : illustrations
350 ## -
-- 0.00
500 ## - GENERAL NOTE
General note Bibliography.
650 ## - SUBJECT ADDED ENTRY--TOPICAL TERM
Topical term or geographic name entry element CULTURE
650 #7 - SUBJECT ADDED ENTRY--TOPICAL TERM
Topical term or geographic name entry element Manners and customs
Source of heading or term fast
650 ## - SUBJECT ADDED ENTRY--TOPICAL TERM
Topical term or geographic name entry element SOCIAL EVOLUTION
700 ## - ADDED ENTRY--PERSONAL NAME
Personal name Lucas, Martin
995 ## -
-- MAIN LIBRARY OPEN ACCESS
-- 0.00
-- 713009
-- CBU-MAIN LIBRARY (Kitwe)
-- 2
-- 24.95
-- GN 357 Dix
-- 2
-- AVAILABLE
-- 000690
-- Main Library Open Access Collection
995 ## -
-- MAIN LIBRARY OPEN ACCESS
-- 0.00
-- 713008
-- CBU-MAIN LIBRARY (Kitwe)
-- 1
-- 24.95
-- GN 357 Dix
-- 1
-- AVAILABLE
-- May 16, 2006
-- 43802
-- Main Library Open Access Collection
999 ## -
-- 76233
-- 76233
Holdings
Withdrawn status Lost status Source of classification or shelving scheme Damaged status Not for loan Permanent Location Current Location Shelving location Date acquired Total Checkouts Full call number Barcode Date last seen Copy number Price effective from Koha item type
          CBU-MAIN LIBRARY, KITWE. CBU-MAIN LIBRARY, KITWE.   04/25/2023   GN 357 Dix 000690 04/25/2023 1 04/25/2023 MONOGRAPH
          CBU-MAIN LIBRARY, KITWE. CBU-MAIN LIBRARY, KITWE.   04/25/2023   GN 357 Dix 43802 04/25/2023 2 04/25/2023 MONOGRAPH